|
|
|
|
| LEADER |
00885nam a2200217 a 4500 |
| 001 |
3212197 |
| 008 |
091123s1980 nyua b 001 0 eng d |
| 010 |
|
|
|a \\\78073966
|
| 020 |
|
|
|a 0127195505
|
| 040 |
|
|
|a DLC
|c DLC
|d DLC
|
| 082 |
0 |
0 |
|a 339
|2 19
|
| 100 |
1 |
|
|a Veseth, Michael.
|
| 245 |
1 |
0 |
|a Introductory macroeconomics /
|c Michael Veseth ; [chapter opening ill. and cover ill. by Stuart Leeds].
|
| 260 |
|
|
|a New York :
|b Academic Press,
|c c1980.
|
| 300 |
|
|
|a xv, 411 p. :
|b ill. ;
|c 24 cm.
|
| 504 |
|
|
|a Includes bibliographical references (p. 393-396) and index.
|
| 541 |
1 |
|
|e 00000201
|
| 650 |
|
0 |
|a Macroeconomics.
|
| 852 |
4 |
|
|a Ayesha Abed Library
|j General shelf
|
| 999 |
|
|
|c 5812
|d 5812
|
| 952 |
|
|
|0 0
|1 4
|2 ddc
|4 1
|6 339_000000000000000_VES
|7 0
|9 5773
|a BRACUL
|b BRACUL
|c GEN
|d 2009-11-23
|g 0.00
|l 2
|m 21
|o 339 VES
|p 3010000201
|r 2014-02-16
|s 2014-02-04
|t 1
|w 2009-11-23
|y BK
|x No price found in the accession register.
|